000 00348nam a2200121Ia 4500
008 170224s9999 xx 000 0 und d
245 _aGenomics, clinical research, and learning health care systems: Strategies to improve patient care
260 _bNursing Outlook
260 _c2016
300 _a64:3
500 _aMay-June
650 _xNursing.
999 _c317040
_d317040